000 00257nam a22001097a 4500
008 170120b xxu||||| |||| 00| 0 eng d
020 _a9780803613515
041 _aeng
080 _a618.2
245 _aFUNDAMENTALS OF NURSING
_cWILKISON, J.A
942 _2udc
_cBK
999 _c3337
_d3337